| 000 | 00991nam a2200301 i 4500 | ||
|---|---|---|---|
| 003 | DO-SdBNP | ||
| 005 | 20260527112857.0 | ||
| 007 | ta | ||
| 008 | 260527b2025 dr ||||| |||| 00| 0 spa d | ||
| 020 | _a9789945663181 | ||
| 040 |
_aDO-SdBNP _bspa _cBNPHU _erda |
||
| 041 | _aspa | ||
| 082 | 4 |
_aRD862.44 _bC957e _222 |
|
| 100 |
_aCruz Durán, Giovanny, _eautor _4aut. _975533 |
||
| 245 | 1 | 0 |
_aEcos de sangre / _cGiovanny Cruz Durán ; edición, Clara Dobarro |
| 264 | 1 |
_aSanto Domingo : _bEditorial Santuario, _c2025. |
|
| 300 |
_a64 página ; _c22 cm. |
||
| 336 |
_atexto _btxt _2rdacontent |
||
| 337 |
_asin mediación _bn _2rdamedia |
||
| 338 |
_avolumen _bnc _2rdacarrier |
||
| 500 | _aIncluye datos biográficos del autor en las solapas | ||
| 590 | _aInventariado, 2026/BT | ||
| 650 | 7 |
_aTeatro dominicano _2LEMB |
|
| 650 | 7 |
_aLiteratura dominicana _2LEMB |
|
| 700 |
_aDobarro, Clara, _eeditor _4ed. _934619 |
||
| 910 | _aBtavárez /Validado. Control de calidad MFF | ||
| 942 |
_2ddc _cLBS1 |
||
| 999 |
_c60829 _d60829 |
||